01001nac a22002891u 4500010001600000022001400016035002300030082001500053090001500068100003400083245006000117260004300177300001500220500002100235500001500256504004100271511002400312650003500336650003000371650004600401651003900447651004800486710003000534942001700564999001500581952011500596 a 290110020 a0013-0117 a(OCoLC)ocm01883400 4a330.9bECO c9987d9987 a20080729 04aThe Economic history review :nV. 60 No. 3 Aug. (2007). aOxford,bBlackwell Pub., 2007.cc2007. av.c26 cm. aDonations - AUC. aDonations. aIncludes bibliographical references. aCatalogued by: Sara 0aEconomic historyvPeriodicals. 0aEconomische geschiedenis. 0aHistoire eÌ?conomiquevPeÌ?riodiques. 0aGreat BritainxEconomic conditions 0aGrande-BretagnexConditions eÌ?conomiques2 aEconomic History Society. cNBk330.9ECO c9987d9987 00104070aMAINbMAINc1STd2014-07-08ePurchasel1o330.9ECOp000013059r2025-07-15 00:00:00s2010-12-01yNB